[Event "Harrogate 4NCL op-C 31st"]
[Site "Harrogate"]
[Date "2024.01.19"]
[Round "1"]
[White "Bourke, Konstantinos"]
[Black "Merrifield, Peter"]
[Result "1-0"]
[WhiteElo "1572"]
[BlackElo "1121"]
[PlyCount "93"]
[EventDate "2024.01.19"]
[EventType "swiss"]
[EventRounds "5"]
[EventCountry "ENG"]
[SourceTitle "EXT 2025"]
[Source "ChessBase"]
[SourceDate "2024.10.14"]
[SourceVersion "1"]
[SourceVersionDate "2024.10.14"]
[SourceQuality "1"]

1. e4 c5 2. Nf3 Nc6 3. d4 cxd4 4. Nxd4 e5 5. Nxc6 bxc6 6. Bc4 Nf6 7. f3 Bc5 8. Nc3 Be7 9. Be3 0-0 10. 0-0 d6 11. Qd2 Bb7 12. Rad1 Re8 13. Kh1 a6 14. Bg5 Bf8 15. Bxf6 Qxf6 16. f4 d5 17. exd5 Rad8 18. fxe5 Qxe5 19. Qf4 Qxf4 20. Rxf4 Bd6 21. Rf3 Rf8 22. dxc6 Bxc6 23. Rfd3 Bc7 24. Rxd8 Rxd8 25. Rxd8+ Bxd8 26. Bxa6 Bg5 27. a4 Bc1 28. b4 Bb2 29. b5 Bd7 30. Nd5 Ba3 31. c4 Bd6 32. a5 f6 33. Kg1 Kf7 34. h3 Bc5+ 35. Kf1 Bf5 36. b6 Bd6 37. b7 Ke6 38. c5 Bb8 39. Bc4 Bd3+ 40. Bxd3 Kxd5 41. Bxh7 Kxc5 42. Bd3 Kc6 43. a6 Kc7 44. Kf2 Ba7+ 45. Kf3 Bb8 46. Kf4 Kb6+ 47. Kf5 1-0

[Event "Harrogate 4NCL op-C 29th"]
[Site "Harrogate"]
[Date "2023.01.21"]
[Round "3"]
[White "Merrifield, Peter"]
[Black "Usher, Frank"]
[Result "0-1"]
[WhiteElo "1097"]
[BlackElo "1550"]
[PlyCount "62"]
[EventDate "2023.01.20"]
[EventType "swiss"]
[EventRounds "5"]
[EventCountry "ENG"]
[SourceTitle "CBM 212 Extra"]
[Source "ChessBase"]
[SourceDate "2023.03.31"]
[SourceVersion "1"]
[SourceVersionDate "2023.03.31"]
[SourceQuality "1"]

1. e4 e6 2. d4 d5 3. e5 c5 4. Nf3 Nc6 5. Bb5 Bd7 6. c3 Qb6 7. a4 Nge7 8. dxc5 Qc7 9. Bf4 Ng6 10. Bg3 Bxc5 11. Bxc6 Bxc6 12. b4 Be7 13. 0-0 Bd7 14. Re1 Rc8 15. Qb3 0-0 16. Na3 Qxc3 17. Qxc3 Rxc3 18. Nb5 Bxb5 19. axb5 Bxb4 20. Rxa7 Rxf3 21. Rea1 Rc3 22. h3 b6 23. Kh2 Rc5 24. f4 Rxb5 25. h4 Bc5 26. h5 Ne7 27. Ra8 Nf5 28. Rxf8+ Bxf8 29. Bf2 d4 30. g4 Ne3 31. g5 Ng4+ 0-1

[Event "Leamington Spa 4NCL op-C 28th"]
[Site "Leamington Spa"]
[Date "2022.07.09"]
[Round "2"]
[White "Cuthbert, Larissa"]
[Black "Merrifield, Peter"]
[Result "1-0"]
[WhiteElo "1505"]
[BlackElo "1115"]
[PlyCount "37"]
[EventDate "2022.07.08"]
[EventType "swiss"]
[EventRounds "5"]
[EventCountry "ENG"]
[SourceTitle "CBM 209 Extra"]
[Source "ChessBase"]
[SourceDate "2022.09.30"]
[SourceVersion "1"]
[SourceVersionDate "2022.09.30"]
[SourceQuality "1"]

1. d4 d6 2. c4 Nf6 3. Nc3 g6 4. e4 Bg7 5. Be2 0-0 6. h4 h5 7. Bg5 Nh7 8. g4 Nxg5 9. hxg5 e6 10. Qd3 Qxg5 11. gxh5 Nd7 12. Qh3 Nf6 13. hxg6 fxg6 14. Nf3 Qg4 15. Qh2 e5 16. dxe5 dxe5 17. Nxe5 Qe6 18. Nd5 Nxd5 19. Qh7# 1-0

[Event "Harrogate 4NCL op-C 27th"]
[Site "Harrogate"]
[Date "2022.01.22"]
[Round "2"]
[White "Merrifield, Peter"]
[Black "Goodwin, Theo"]
[Result "1/2-1/2"]
[WhiteElo "1109"]
[BlackElo "1467"]
[PlyCount "40"]
[EventDate "2022.01.21"]
[EventType "swiss"]
[EventRounds "5"]
[EventCountry "ENG"]
[SourceTitle "CBM 206 Extra"]
[Source "ChessBase"]
[SourceDate "2022.03.31"]
[SourceVersion "1"]
[SourceVersionDate "2022.03.31"]
[SourceQuality "1"]

1. e4 d5 2. exd5 Nf6 3. Nf3 Nxd5 4. d4 Bf5 5. c4 Nf6 6. Nc3 e6 7. Be2 Bb4 8. Bd2 0-0 9. 0-0 c5 10. a3 cxd4 11. axb4 dxc3 12. Bxc3 Qxd1 13. Rfxd1 Nbd7 14. b3 a6 15. h3 Rad8 16. Ne5 Nxe5 17. Rxd8 Rxd8 18. Bxe5 Rd2 19. Bf3 Ne4 20. g4 Rxf2 1/2-1/2